000 00419nam a2200157Ia 4500
008 210210b2004 xxu||||| |||| 00| 0 eng d
020 _a81 7273 170 1
082 _a322.42 SENT
100 _aSENGUPTA (Dipankar) and SINGH (Sudhir Kumar).
245 _aTerrorism in South Asia.
260 _aDelhi
_bAuthors press
_c2004
300 _axi,329
650 _aTerrorism
690 _aRelation of State
906 _a059609
999 _c106480
_d106480